[Event "Welsh Open Chess Championship"]
[Site "Mercure Cardiff North Hotel, Circle Way East, Llanedeyrn, Cardiff CF23 9XF"]
[Date "2024.03.30"]
[Round "3"]
[Board "13"]
[White "Anandkumar, Govind"]
[Black "McGhee, David"]
[Result "0-1"]
[WhiteElo "1565"]
[BlackElo "1754"]
[Annotator "Home"]
[PlyCount "120"]
[EventDate "2024.03.29"]
[EventType "swiss"]
[EventRounds "7"]
[EventCountry "WLS"]

{[%evp 0,120,42,42,56,6,18,30,21,21,21,-7,-8,-3,6,-7,7,-8,21,0,44,20,33,43,51,50,82,72,86,4,55,64,51,86,59,80,167,88,126,-62,-56,-56,-56,-279,-266,-399,-370,-389,-255,-450,-386,-392,-361,-359,-365,-359,-289,-257,-278,-268,-249,-281,-235,-259,-227,-337,-360,-363,-375,-439,-539,-539,-379,-390,-390,-408,-348,-408,-342,-412,-415,-412,-378,-421,-312,-313,-318,-326,-307,-303,-273,-305,-203,-205,-147,-352,-369,-387,-358,-448,-438,-607,-649,-788,-817,-1338,-1536,-1546,-1556,-1570,-1639,-29985,-29986,-29989,-29990,-29991,-29992,-29995,-29996,-29997,-29998,-29999,-29999]} 1. e4 {[%emt 0:00:02]} c5 {[%emt 0:00:11]} 2. c3 {[%emt 0:00:16]} Nf6 {[%emt 0:00:11]} 3. e5 {[%emt 0:00:25]} Nd5 {[%emt 0:00:07]} 4. Nf3 {[%emt 0:00:13]} Nc6 {[%emt 0:00:52]} 5. Bc4 {[%emt 0:00:34]} Nb6 {[%emt 0:01:33]} 6. Bb3 {[%emt 0:00:24]} c4 {[%emt 0:01:52]} 7. Bc2 {[%emt 0:00:14]} d6 {[%emt 0:01:16]} 8. exd6 {[%emt 0:01:47]} e6 {[%emt 0:02:05]} 9. a4 {[%emt 0:01:36]} Bxd6 {[%emt 0:02:59]} 10. Na3 {[%emt 0:03:06]} Na5 {[%emt 0:07:56]} 11. O-O {[%emt 0:02:02]} Bd7 {[%emt 0:02:45]} 12. Re1 {[%emt 0:01:27]} Rc8 {[%emt 0:02:59]} 13. Nb5 {[%emt 0:01:03]} Bb8 {[%emt 0:00:18]} 14. h3 {[%emt 0:02:44]} Bc6 {[%emt 0:02:54]} 15. Nbd4 {[%emt 0:05:43]} Bd5 {[%emt 0:03:20]} 16. d3 {[%emt 0:03:30]} h6 {[%emt 0:01:53]} 17. dxc4 {[%emt 0:02:06]} Nbxc4 {[%emt 0:03:35]} 18. Nf5 {[%emt 0:07:29]} O-O {[%emt 0:02:31]} 19. Nxh6+ {[%emt 0:03:37]} gxh6 {[%emt 0:01:10]} 20. Bxh6 {[%emt 0:00:16]} Qf6 {[%emt 0:02:19]} 21. Bg5 {[%emt 0:03:02]} Qg7 {[%emt 0:03:19]} 22. h4 {[%emt 0:05:30]} Nxb2 {[%emt 0:06:58]} 23. Qc1 {[%emt 0:16:45]} Nbc4 {[%emt 0:11:54]} 24. Rb1 {[%emt 0:12:52]} f6 {[%emt 0:03:47]} 25. Bh6 {[%emt 0:00:21]} Qg4 {[%emt 0:00:20]} 26. Qd1 {[%emt 0:01:09]} Bxf3 {[%emt 0:04:27]} 27. Qxf3 {[%emt 0:01:42]} Qxf3 {[%emt 0:00:26]} 28. gxf3 {[%emt 0:00:15]} Rfe8 {[%emt 0:01:16]} 29. Kh1 {[%emt 0:00:24]} Kf7 {[%emt 0:00:37]} 30. Rbd1 {[%emt 0:03:09]} Rcd8 {[%emt 0:01:20]} 31. h5 {[%emt 0:02:36]} Ne5 {[%emt 0:04:24]} 32. f4 {[%emt 0:03:19]} Ng4 {[%emt 0:00:31]} 33. Bg6+ {[%emt 0:01:04]} Ke7 {[%emt 0:00:12]} 34. Kg2 {[%emt 0:02:04]} Rxd1 {[%emt 0:01:53]} 35. Rxd1 {[%emt 0:00:24]} Nxh6 {[%emt 0:00:19]} 36. Bxe8 {[%emt 0:00:41]} Kxe8 {[%emt 0:00:08]} 37. Kf3 {[%emt 0:00:08]} Ke7 {[%emt 0:01:07]} 38. Rb1 {[%emt 0:02:45]} b6 {[%emt 0:02:32]} 39. Rc1 {[%emt 0:00:52]} Nc4 {[%emt 0:00:21]} 40. Rd1 {[%emt 0:01:16]} Nd6 {[%emt 0:01:26]} 41. Rb1 {[%emt 0:00:59]} e5 {[%emt 0:00:38]} 42. fxe5 {[%emt 0:00:54]} fxe5 {[%emt 0:00:05]} 43. Rg1 {[%emt 0:00:12]} Ndf5 {[%emt 0:01:25]} 44. Ke4 {[%emt 0:02:07]} Nh4 {[%emt 0:02:14]} 45. Kd5 {[%emt 0:02:16]} N6f5 {[%emt 0:01:27]} 46. Rg8 {[%emt 0:00:51]} Bd6 {[%emt 0:01:06]} 47. Kc6 {[%emt 0:01:10]} Bc5 {[%emt 0:00:37]} 48. Ra8 {[%emt 0:01:55]} a5 {[%emt 0:00:48]} 49. Ra7+ {[%emt 0:00:38]} Ke6 {[%emt 0:01:34]} 50. Rb7 {[%emt 0:01:03]} Bxf2 {[%emt 0:00:24]} 51. c4 {[%emt 0:00:57]} e4 {[%emt 0:01:06]} 52. Rxb6 {[%emt 0:00:40]} Bxb6 {[%emt 0:00:06]} 53. Kxb6 {[%emt 0:00:07]} e3 {[%emt 0:00:54]} 54. c5 {[%emt 0:00:28]} Nd4 {[%emt 0:00:18]} 55. Kxa5 {[%emt 0:00:22]} e2 {[%emt 0:00:11]} 56. Kb6 {[%emt 0:00:25]} e1=Q {[%emt 0:00:15]} 57. a5 {[%emt 0:00:07]} Qb4+ {[%emt 0:00:12]} 58. Ka6 {[%emt 0:00:16]} Qb5+ {[%emt 0:00:14]} 59. Ka7 {[%emt 0:00:07]} Nc6+ {[%emt 0:00:05]} 60. Ka8 {[%emt 0:00:06]} Qb8# {[%emt 0:00:05]} 0-1

[Event "Welsh Open Chess Championship"]
[Site "Mercure Cardiff North Hotel, Circle Way East, Llanedeyrn, Cardiff CF23 9XF"]
[Date "2024.03.30"]
[Round "3"]
[Board "14"]
[White "Blackmore, Simon"]
[Black "Zhuravlev, Andrei"]
[Result "1-0"]
[WhiteElo "1749"]
[BlackElo "1564"]
[Annotator "Home"]
[PlyCount "23"]
[EventDate "2024.03.29"]
[EventType "swiss"]
[EventRounds "7"]
[EventCountry "WLS"]

{[%evp 0,22,39,39,37,32,24,-10,114,87,104,104,148,117,184,157,157,182,237,195,206,212,217,190,179]} 1. e4 {[%emt 0:00:02]} e5 {[%emt 0:00:05]} 2. Nf3 {[%emt 0:00:07]} Nc6 {[%emt 0:00:06]} 3. d4 {[%emt 0:00:07]} f6 {[%emt 0:00:50]} 4. dxe5 {[%emt 0:02:30]} fxe5 {[%emt 0:00:32]} 5. Bc4 {[%emt 0:02:26]} g6 {[%emt 0:00:54]} 6. Nc3 {[%emt 0:23:30]} Nf6 {[%emt 0:00:20]} 7. Ng5 {[%emt 0:01:13]} d5 {[%emt 0:00:50]} 8. exd5 {[%emt 0:02:04]} h6 {[%emt 0:00:57]} 9. Nf7 {[%emt 0:02:56]} Kxf7 {[%emt 0:00:56]} 10. dxc6+ {[%emt 0:00:10]} Ke8 {[%emt 0:00:29]} 11. Qxd8+ {[%emt 0:07:11]} Kxd8 {[%emt 0:00:15] Live board coverage stops here} 12. Nd5 {Now the scoresheets show the move 12. ... Nf6-d4 - which isn't legal - and the following continuation - 13.cxb7 Bxb7 14.Ne3 Nf5 15.Nxf5 gxf5 16.f3 e4 17.fxe4 Bxe4 18.Bf4 Bxg2 19.0-0-0+ Kc8 20.Rhe1 Bf3 21.Rd3 Be4 22.Rxe4 fxe4 23.Ba6+ Kb8 24.Rd8#} 1-0

[Event "Welsh Open Chess Championship"]
[Site "Mercure Cardiff North Hotel, Circle Way East, Llanedeyrn, Cardiff CF23 9XF"]
[Date "2024.03.30"]
[Round "3"]
[Board "15"]
[White "White, Mike"]
[Black "Mcgrath, Ethan"]
[Result "1/2-1/2"]
[WhiteElo "985"]
[BlackElo "1738"]
[Annotator "Home"]
[PlyCount "119"]
[EventDate "2024.03.29"]
[EventType "swiss"]
[EventRounds "7"]
[EventCountry "WLS"]

{[%evp 0,119,39,20,20,23,23,30,20,34,81,13,22,-27,-22,-70,-40,-80,-91,-97,-43,-72,-90,-147,-160,-156,-142,-162,-155,-161,-155,-184,-148,-154,-88,-160,-159,-154,-163,-182,-156,-113,-121,-130,-137,-157,-119,-157,-159,-218,-179,-219,-219,-214,-163,-152,-156,-164,-157,-191,-171,-175,-124,-124,-114,-101,-103,-127,-61,-77,-19,-136,-140,-227,-242,-272,-262,-271,-271,-293,-309,-294,-145,-330,-330,-364,-320,-398,-547,-664,-674,-676,-657,-687,0,0,75,75,63,0,94,62,94,84,58,55,55,55,94,94,94,98,94,96,96,66,66,66,66,66,66,66]} 1. d4 {[%emt 0:00:03]} Nf6 {[%emt 0:00:13]} 2. Nf3 {[%emt 0:00:34]} e6 {[%emt 0:00:14]} 3. Bf4 {[%emt 0:00:24]} d5 {[%emt 0:00:54]} 4. e3 {[%emt 0:01:08]} c5 {[%emt 0:00:11]} 5. c4 {[%emt 0:02:58]} Nc6 {[%emt 0:01:10]} 6. cxd5 {[%emt 0:04:58]} Nxd5 {[%emt 0:01:09]} 7. Bb5 {[%emt 0:03:26]} Bd7 {[%emt 0:01:38]} 8. O-O {[%emt 0:02:14]} Nxf4 {[%emt 0:00:43]} 9. exf4 {[%emt 0:00:09]} Qb6 {[%emt 0:02:37]} 10. Bxc6 {[%emt 0:08:35]} Bxc6 {[%emt 0:00:08]} 11. Qb3 {[%emt 0:05:06]} Qxb3 {[%emt 0:01:06]} 12. axb3 {[%emt 0:00:10]} Bxf3 {[%emt 0:00:04]} 13. gxf3 {[%emt 0:00:20]} cxd4 {[%emt 0:00:21]} 14. Rd1 {[%emt 0:01:24]} Bc5 {[%emt 0:00:26]} 15. Nd2 {[%emt 0:03:52]} O-O {[%emt 0:01:00]} 16. Ne4 {[%emt 0:02:11]} b6 {[%emt 0:01:16]} 17. Ra4 {[%emt 0:01:43]} a5 {[%emt 0:01:55]} 18. Rc4 {[%emt 0:05:45]} Rac8 {[%emt 0:03:42]} 19. Rdc1 {[%emt 0:05:21]} Rb8 {[%emt 0:02:45]} 20. Nxc5 {[%emt 0:05:37]} bxc5 {[%emt 0:00:09]} 21. Rxc5 {[%emt 0:00:29]} Rxb3 {[%emt 0:00:32]} 22. Rxa5 {[%emt 0:01:09]} Rxb2 {[%emt 0:00:14]} 23. Rd1 {[%emt 0:00:29]} Rb4 {[%emt 0:00:49]} 24. Re5 {[%emt 0:01:22]} Rd8 {[%emt 0:01:09]} 25. Re4 {[%emt 0:03:00]} Kf8 {[%emt 0:00:12]} 26. Kg2 {[%emt 0:01:41]} Ke7 {[%emt 0:00:31]} 27. f5 {[%emt 0:01:41]} Rd5 {[%emt 0:02:47]} 28. fxe6 {[%emt 0:05:12]} fxe6 {[%emt 0:00:43]} 29. Rde1 {[%emt 0:01:09]} Rb6 {[%emt 0:01:28]} 30. f4 {[%emt 0:02:53]} Rbd6 {[%emt 0:00:47]} 31. Re5 {[%emt 0:02:18]} Rxe5 {[%emt 0:01:03]} 32. fxe5 {[%emt 0:00:07]} Rd5 {[%emt 0:00:08]} 33. f4 {[%emt 0:01:28]} Kd7 {[%emt 0:03:51]} 34. Kf3 {[%emt 0:02:01]} Kc6 {[%emt 0:00:31]} 35. Rc1+ {[%emt 0:00:20]} Rc5 {[%emt 0:00:27]} 36. Rd1 {[%emt 0:00:45]} Kd5 {[%emt 0:00:20]} 37. Rg1 {[%emt 0:05:13]} Rc3+ {[%emt 0:01:49]} 38. Kg4 {[%emt 0:00:19]} Ke4 {[%emt 0:00:43]} 39. Re1+ {[%emt 0:00:59]} Re3 {[%emt 0:00:07]} 40. Rb1 {[%emt 0:03:21]} Kd3 {[%emt 0:02:02]} 41. Rd1+ {[%emt 0:00:38]} Kc3 {[%emt 0:00:48]} 42. Rc1+ {[%emt 0:05:08]} Kb2 {[%emt 0:00:21]} 43. Rf1 {[%emt 0:05:04]} d3 {[%emt 0:01:10]} 44. f5 {[%emt 0:01:36]} Rxe5 {[%emt 0:00:46]} 45. fxe6 {[%emt 0:01:17]} Kc2 {[%emt 0:00:53]} 46. Rf2+ {[%emt 0:01:13]} Re2 {[%emt 0:01:04]} 47. e7 {[%emt 0:00:35]} Rxf2 {[%emt 0:28:22]} 48. e8=Q {[%emt 0:00:03]} d2 {[%emt 0:02:20]} 49. Qa4+ {[%emt 0:03:28]} Kd3 {[%emt 0:04:13]} 50. Qd1 {[%emt 0:01:05]} Ke3 {[%emt 0:04:53]} 51. Kg3 {[%emt 0:01:16]} Rf6 {[%emt 0:12:39]} 52. Qb3+ {[%emt 0:00:57]} Ke2 {[%emt 0:01:36]} 53. Qc4+ {[%emt 0:00:09]} Ke1 {[%emt 0:00:38]} 54. Qe4+ {[%emt 0:00:20]} Kf1 {[%emt 0:01:44]} 55. Qd3+ {[%emt 0:00:54]} Ke1 {[%emt 0:00:23]} 56. Qe3+ {[%emt 0:00:12]} Kd1 {[%emt 0:00:58]} 57. Qd3 {[%emt 0:00:59]} Rg6+ {[%emt 0:01:33]} 58. Kf2 {[%emt 0:00:33]} Rf6+ {[%emt 0:00:38]} 59. Ke3 {[%emt 0:00:16]} Re6+ {[%emt 0:00:52]} 60. Kf2 {[%emt 0:00:02]} 1/2-1/2

[Event "Welsh Open Chess Championship"]
[Site "Mercure Cardiff North Hotel, Circle Way East, Llanedeyrn, Cardiff CF23 9XF"]
[Date "2024.03.30"]
[Round "3"]
[Board "20"]
[White "Watkins, Peter"]
[Black "Wilkins, Zack"]
[Result "0-1"]
[WhiteElo "1747"]
[BlackElo "1615"]
[PlyCount "68"]
[EventDate "2024.03.29"]
[EventType "swiss"]
[EventRounds "7"]
[EventCountry "WLS"]

1. e4 e5 2. Nf3 Nc6 3. Bb5 a6 4. Ba4 Nf6 5. O-O d6 6. Re1 g6 7. c3 Bd7 8. d4 Bg7 9. Bg5 h6 10. Bxf6 Bxf6 11. d5 Ne7 12. Bxd7+ Qxd7 13. c4 Bg7 14. Nc3 O-O 15. Nd2 f5 16. f3 f4 17. Qe2 g5 18. h3 h5 19. Rf1 Rf6 20. Nd1 g4 21. fxg4 hxg4 22. Qxg4 Qe8 23. Nf3 Rg6 24. Qh4 Bf6 25. Qf2 Rg3 26. Nc3 Qh5 27. Kh2 Kh7 28. Qe2 Rag8 29. Rg1 Bh4 30. Nxh4 Qxh4 31. Raf1 Re3 32. Qd1 Qg3+ 33. Kh1 Qxh3+ 34. gxh3 Rxh3# 0-1

[Event "Welsh Open Chess Championship"]
[Site "Mercure Cardiff North Hotel, Circle Way East, Llanedeyrn, Cardiff CF23 9XF"]
[Date "2024.03.30"]
[Round "3"]
[Board "21"]
[White "Williams, John A"]
[Black "Stannard, Mike"]
[Result "1-0"]
[WhiteElo "1633"]
[BlackElo "1560"]
[PlyCount "67"]
[EventDate "2024.03.29"]
[EventType "swiss"]
[EventRounds "7"]
[EventCountry "WLS"]

1. b3 e5 2. Bb2 Nc6 3. e3 d6 4. Bb5 Nge7 5. d4 exd4 6. Bxd4 a6 7. Bxc6+ Nxc6 8. Bb2 Qg5 9. Nf3 Bg4 10. Nxg5 Bxd1 11. Kxd1 h6 12. Nf3 O-O-O 13. Nbd2 Rg8 14. Nd4 Nb4 15. a3 Nd5 16. c4 Nf6 17. Ke2 g6 18. Rac1 Bg7 19. c5 dxc5 20. Rxc5 Nd7 21. Rc2 Rge8 22. Ne6 Rxe6 23. Bxg7 h5 24. Nf3 f6 25. h4 Re7 26. Bh6 Nb8 27. Rd1 Rde8 28. Nd4 Re4 29. g3 R4e7 30. Bf4 Rg7 31. Bd6 Kd8 32. Bxc7+ Ke7 33. Bxb8 Rxb8 34. Rc7+ 1-0

[Event "Welsh Open Chess Championship"]
[Site "Mercure Cardiff North Hotel, Circle Way East, Llanedeyrn, Cardiff CF23 9XF"]
[Date "2024.03.30"]
[Round "3"]
[Board "23"]
[White "Sarwar, Adam"]
[Black "Enoch, Kristan"]
[Result "0-1"]
[WhiteElo "1496"]
[BlackElo "1554"]
[PlyCount "98"]
[EventDate "2024.03.29"]
[EventType "swiss"]
[EventRounds "7"]
[EventCountry "WLS"]

1. e4 e6 2. d4 d5 3. e5 c5 4. c3 Nc6 5. Nf3 Qb6 6. Be2 Nge7 7. O-O Nf5 8. dxc5 Qxc5 9. Nbd2 g6 10. Nb3 Qb6 11. Nbd4 Nfxd4 12. cxd4 Bg7 13. b3 Bd7 14. Be3 O-O 15. Qd2 Qb4 16. Qc1 Rfc8 17. Qd1 Qf8 18. Rc1 Nb4 19. a3 Rxc1 20. Qxc1 Rc8 21. Qd2 Nc2 22. a4 Nxe3 23. Qxe3 Qb4 24. h3 Rc3 25. Qf4 Rxb3 26. Ng5 Qe7 27. a5 Rc3 28. h4 Rc8 29. h5 Bh6 30. Qxf7+ Qxf7 31. Nxf7 Kxf7 32. hxg6+ hxg6 33. f4 Rc2 34. Bd3 Rd2 35. Rf3 Be8 36. Rh3 Kg7 37. Rf3 Bxf4 38. Bxg6 Rd1+ 39. Kf2 Bb5 40. Rxf4 Rf1+ 41. Ke3 Rxf4 42. Kxf4 Kxg6 43. g4 Bc4 44. Ke3 b5 45. axb6 axb6 46. Kd2 Kg5 47. Kc3 Kxg4 48. Kb4 Kf4 49. Kc3 Ke4 0-1

[Event "Welsh Open Chess Championship"]
[Site "Mercure Cardiff North Hotel, Circle Way East, Llanedeyrn, Cardiff CF23 9XF"]
[Date "2024.03.30"]
[Round "4"]
[Board "1"]
[White "Gibbs, Dominic V"]
[Black "Honey, Luke"]
[Result "0-1"]
[WhiteElo "1938"]
[BlackElo "1939"]
[PlyCount "112"]
[EventDate "2024.03.29"]
[EventType "swiss"]
[EventRounds "7"]
[EventCountry "WLS"]

1. e4 {[%emt 0:00:02]} c6 {[%emt 0:00:05]} 2. d4 {[%emt 0:00:06]} d5 {[%emt 0:00:04]} 3. exd5 {[%emt 0:00:05]} cxd5 {[%emt 0:00:04]} 4. c4 {[%emt 0:00:05]} Nf6 {[%emt 0:00:04]} 5. Nc3 {[%emt 0:00:04]} g6 {[%emt 0:00:04]} 6. Qb3 {[%emt 0:00:26]} Bg7 {[%emt 0:00:06]} 7. cxd5 {[%emt 0:00:10]} O-O {[%emt 0:00:09]} 8. Be2 {[%emt 0:00:23]} Nbd7 {[%emt 0:00:07]} 9. Bf3 {[%emt 0:00:14]} Nb6 {[%emt 0:00:07]} 10. Nge2 {[%emt 0:00:16]} Bg4 {[%emt 0:00:09]} 11. Bxg4 {[%emt 0:01:43]} Nxg4 {[%emt 0:00:06]} 12. O-O {[%emt 0:02:29]} Nf6 {[%emt 0:01:01]} 13. d6 {[%emt 0:05:45]} Qxd6 {[%emt 0:05:34]} 14. Bf4 {[%emt 0:00:33]} Qd7 {[%emt 0:00:43]} 15. Rad1 {[%emt 0:04:45]} e6 {[%emt 0:01:59]} 16. Be5 {[%emt 0:02:30]} Rfd8 {[%emt 0:04:37]} 17. Rd3 {[%emt 0:02:12]} Nbd5 {[%emt 0:02:29]} 18. Rfd1 {[%emt 0:03:09]} Rac8 {[%emt 0:03:54]} 19. h3 {[%emt 0:10:48]} Qc6 {[%emt 0:02:15]} 20. a3 {[%emt 0:07:14]} a6 {[%emt 0:06:12]} 21. Nxd5 {[%emt 0:14:36]} Nxd5 {[%emt 0:03:36]} 22. Bxg7 {[%emt 0:00:49]} Kxg7 {[%emt 0:00:09]} 23. Rc1 {[%emt 0:03:52]} Qd7 {[%emt 0:02:38]} 24. Rxc8 {[%emt 0:01:35]} Rxc8 {[%emt 0:00:33]} 25. g3 {[%emt 0:02:44]} b5 {[%emt 0:05:59]} 26. Nc3 {[%emt 0:00:38]} Rc4 {[%emt 0:01:49]} 27. Nxd5 {[%emt 0:00:46]} Qxd5 {[%emt 0:00:11]} 28. Rd1 {[%emt 0:04:14]} Rxd4 {[%emt 0:03:14]} 29. Qxd5 {[%emt 0:00:11]} Rxd5 {[%emt 0:00:05]} 30. Rb1 {[%emt 0:02:58]} Kf6 {[%emt 0:02:35]} 31. Kf1 {[%emt 0:00:26]} Rd2 {[%emt 0:00:42]} 32. Ke1 {[%emt 0:00:18]} Rc2 {[%emt 0:00:11]} 33. h4 {[%emt 0:03:01]} h5 {[%emt 0:00:55]} 34. b4 {[%emt 0:04:18]} Rc3 {[%emt 0:00:39]} 35. Ra1 {[%emt 0:00:14]} Ke5 {[%emt 0:00:56]} 36. a4 {[%emt 0:01:53]} Rb3 {[%emt 0:00:39]} 37. axb5 {[%emt 0:00:13]} axb5 {[%emt 0:00:05]} 38. Ra7 {[%emt 0:01:48]} f5 {[%emt 0:00:40]} 39. Kd2 {[%emt 0:01:53]} Rxb4 {[%emt 0:00:17]} 40. Rb7 {[%emt 0:00:15]} Rd4+ {[%emt 0:00:39]} 41. Kc3 {[%emt 0:01:07]} Rd5 {[%emt 0:00:16]} 42. f3 {[%emt 0:01:25]} Kf6 {[%emt 0:02:08]} 43. Rb6 {[%emt 0:01:07]} Rd1 {[%emt 0:05:20]} 44. g4 {[%emt 0:03:47]} fxg4 {[%emt 0:00:23]} 45. fxg4 {[%emt 0:00:04]} Rd5 {[%emt 0:00:08]} 46. g5+ {[%emt 0:00:44]} Kf5 {[%emt 0:00:12]} 47. Rb7 {[%emt 0:00:44]} Kg4 {[%emt 0:04:10]} 48. Rg7 {[%emt 0:00:09]} Kxh4 {[%emt 0:00:13]} 49. Rxg6 {[%emt 0:00:07]} Rxg5 {[%emt 0:00:14]} 50. Rxe6 {[%emt 0:00:08]} Kh3 {[%emt 0:00:38]} 51. Re4 {[%emt 0:00:31]} h4 {[%emt 0:00:37]} 52. Kd2 {[%emt 0:00:14]} Rf5 {[%emt 0:02:28]} 53. Ke1 {[%emt 0:01:03]} Kg3 {[%emt 0:00:27]} 54. Rb4 {[%emt 0:00:45]} h3 {[%emt 0:00:45]} 55. Rb3+ {[%emt 0:00:53]} Kg2 56. Rb4 Re5+ 0-1

[Event "Welsh Open Chess Championship"]
[Site "Mercure Cardiff North Hotel, Circle Way East, Llanedeyrn, Cardiff CF23 9XF"]
[Date "2024.03.30"]
[Round "4"]
[Board "2"]
[White "Di-Vetta, Andrew"]
[Black "Roberts, David L"]
[Result "1/2-1/2"]
[WhiteElo "1783"]
[BlackElo "1972"]
[PlyCount "95"]
[EventDate "2024.03.29"]
[EventType "swiss"]
[EventRounds "7"]
[EventCountry "WLS"]

1. d4 {[%emt 0:33:34]} Nf6 {[%emt 0:03:48]} 2. c4 {[%emt 0:00:14]} e6 {[%emt 0:00:06]} 3. Nc3 {[%emt 0:00:45]} Bb4 {[%emt 0:00:08]} 4. Bd2 {[%emt 0:00:18]} O-O {[%emt 0:02:42]} 5. e3 {[%emt 0:00:22]} Bxc3 {[%emt 0:03:54]} 6. Bxc3 {[%emt 0:00:18]} Ne4 {[%emt 0:00:20]} 7. Bb4 {[%emt 0:00:44]} c5 {[%emt 0:02:19]} 8. Bc3 {[%emt 0:02:49]} Nxc3 {[%emt 0:02:38]} 9. bxc3 {[%emt 0:00:06]} d6 {[%emt 0:02:49]} 10. Nf3 {[%emt 0:00:32]} Nd7 {[%emt 0:02:26]} 11. Bd3 {[%emt 0:00:32]} f5 {[%emt 0:02:49]} 12. Qc2 {[%emt 0:01:12]} Qf6 {[%emt 0:02:32]} 13. e4 {[%emt 0:02:10]} e5 {[%emt 0:04:18]} 14. d5 {[%emt 0:01:16]} g6 {[%emt 0:04:06]} 15. h4 {[%emt 0:01:21]} f4 {[%emt 0:09:34]} 16. Kd2 {[%emt 0:03:37]} Qe7 {[%emt 0:04:54]} 17. Be2 {[%emt 0:05:08]} Nf6 {[%emt 0:02:25]} 18. Bd3 {[%emt 0:01:13]} Bg4 {[%emt 0:03:49]} 19. Ng5 {[%emt 0:02:03]} h6 {[%emt 0:00:58]} 20. f3 {[%emt 0:01:30]} hxg5 {[%emt 0:02:55]} 21. hxg5 {[%emt 0:00:29]} Nh5 {[%emt 0:00:50]} 22. fxg4 {[%emt 0:00:19]} Ng3 {[%emt 0:00:14]} 23. Rh3 {[%emt 0:01:12]} Qxg5 {[%emt 0:00:32]} 24. Qd1 {[%emt 0:02:24]} Kg7 {[%emt 0:01:19]} 25. Qf3 {[%emt 0:00:32]} Rh8 {[%emt 0:01:20]} 26. Bf1 {[%emt 0:00:49]} Rh4 {[%emt 0:01:04]} 27. Rxh4 {[%emt 0:00:40]} Qxh4 {[%emt 0:00:05]} 28. Be2 {[%emt 0:01:30]} Qg5 {[%emt 0:00:51]} 29. Bd1 {[%emt 0:01:28]} Rh8 {[%emt 0:00:31]} 30. Ba4 {[%emt 0:02:56]} Rh2 {[%emt 0:02:18]} 31. Kd3 {[%emt 0:00:50]} Qe7 {[%emt 0:00:38]} 32. Rb1 {[%emt 0:05:29]} g5 {[%emt 0:03:08]} 33. Bc2 {[%emt 0:02:22]} Rh4 {[%emt 0:01:24]} 34. Ba4 {[%emt 0:01:05]} Kf7 {[%emt 0:00:37]} 35. Bc2 {[%emt 0:06:41]} Qd7 {[%emt 0:00:51]} 36. Bd1 {[%emt 0:00:33]} Ke7 {[%emt 0:01:59]} 37. Qf2 {[%emt 0:01:28]} Kd8 {[%emt 0:01:38]} 38. Bf3 {[%emt 0:01:13]} Kc8 {[%emt 0:01:31]} 39. Qb2 {[%emt 0:00:53]} Rh7 {[%emt 0:01:06]} 40. Qa3 {[%emt 0:01:27]} b6 {[%emt 0:04:32]} 41. Qa6+ {[%emt 0:01:42]} Qb7 {[%emt 0:00:11]} 42. Qb5 {[%emt 0:00:17]} Rd7 {[%emt 0:00:25]} 43. a4 {[%emt 0:00:28]} Re7 {[%emt 0:02:59]} 44. Kc2 {[%emt 0:00:31]} Qd7 {[%emt 0:00:54]} 45. Qb3 {[%emt 0:02:41]} Qe8 {[%emt 0:02:10]} 46. a5 {[%emt 0:00:40]} Rb7 {[%emt 0:00:31]} 47. a6 {[%emt 0:04:17]} Rh7 {[%emt 0:01:21]} 48. Kd3 {[%emt 0:00:38]} 1/2-1/2

[Event "Welsh Open Chess Championship"]
[Site "Mercure Cardiff North Hotel, Circle Way East, Llanedeyrn, Cardiff CF23 9XF"]
[Date "2024.03.30"]
[Round "4"]
[Board "3"]
[White "Mckenna, Joshua"]
[Black "Thomas, Mark"]
[Result "1/2-1/2"]
[WhiteElo "1699"]
[BlackElo "1876"]
[PlyCount "103"]
[EventDate "2024.03.29"]
[EventType "swiss"]
[EventRounds "7"]
[EventCountry "WLS"]

1. e4 {[%emt 0:00:02]} g6 {[%emt 0:00:10]} 2. d4 {[%emt 0:00:14]} Bg7 {[%emt 0:00:08]} 3. Nc3 {[%emt 0:00:12]} d6 {[%emt 0:00:07]} 4. Be3 {[%emt 0:00:28]} c6 {[%emt 0:00:27]} 5. a4 {[%emt 0:01:08]} Nf6 {[%emt 0:01:08]} 6. f3 {[%emt 0:01:16]} Na6 {[%emt 0:01:25]} 7. Qd2 {[%emt 0:03:14]} Qc7 {[%emt 0:01:39]} 8. O-O-O {[%emt 0:03:16]} h5 {[%emt 0:00:34]} 9. h4 {[%emt 0:02:28]} Bd7 {[%emt 0:01:24]} 10. e5 {[%emt 0:02:55]} dxe5 {[%emt 0:00:34]} 11. dxe5 {[%emt 0:01:48]} Qxe5 {[%emt 0:02:06]} 12. Bf4 {[%emt 0:04:34]} Qxf4 {[%emt 0:00:47]} 13. Qxf4 {[%emt 0:00:40]} Bh6 {[%emt 0:00:08]} 14. Qxh6 {[%emt 0:00:33]} Rxh6 {[%emt 0:00:08]} 15. Bxa6 {[%emt 0:00:44]} bxa6 {[%emt 0:00:09]} 16. Nge2 {[%emt 0:02:57]} Rb8 {[%emt 0:00:48]} 17. Ng3 {[%emt 0:02:40]} Be6 {[%emt 0:05:03]} 18. Rhe1 {[%emt 0:01:48]} Rh8 {[%emt 0:00:24]} 19. Nge4 {[%emt 0:00:59]} Kf8 {[%emt 0:04:21]} 20. Nxf6 {[%emt 0:01:24]} exf6 {[%emt 0:00:09]} 21. Ne4 {[%emt 0:02:29]} Ke7 {[%emt 0:00:29]} 22. Nc5 {[%emt 0:02:04]} Rhd8 {[%emt 0:00:06]} 23. Rxd8 {[%emt 0:01:47]} Rxd8 {[%emt 0:00:14]} 24. Nxa6 {[%emt 0:01:57]} Rd4 {[%emt 0:00:54]} 25. Re4 {[%emt 0:08:17]} Rxe4 {[%emt 0:00:32]} 26. fxe4 {[%emt 0:00:05]} Kd6 {[%emt 0:00:39]} 27. b4 {[%emt 0:03:04]} f5 {[%emt 0:01:08]} 28. exf5 {[%emt 0:12:20]} Bxf5 {[%emt 0:00:10]} 29. Kd2 {[%emt 0:00:56]} Ke5 {[%emt 0:00:12]} 30. Nb8 {[%emt 0:04:27]} Be4 {[%emt 0:00:36]} 31. g3 {[%emt 0:00:54]} f6 {[%emt 0:02:45]} 32. Ke3 {[%emt 0:01:26]} Bxc2 {[%emt 0:04:40]} 33. Nxc6+ {[%emt 0:01:23]} Kd6 {[%emt 0:00:07]} 34. Nxa7 {[%emt 0:00:51]} Bxa4 {[%emt 0:00:06]} 35. Nc8+ {[%emt 0:02:00]} Ke5 {[%emt 0:02:42]} 36. Ne7 {[%emt 0:07:12]} g5 {[%emt 0:00:26]} 37. hxg5 {[%emt 0:01:32]} fxg5 {[%emt 0:00:15]} 38. Kf3 {[%emt 0:01:44]} Be8 {[%emt 0:00:15]} 39. Nc8 {[%emt 0:02:08]} Bc6+ {[%emt 0:00:32]} 40. Ke3 {[%emt 0:01:02]} h4 {[%emt 0:01:02]} 41. Kf2 {[%emt 0:04:11]} h3 {[%emt 0:02:41]} 42. Kg1 {[%emt 0:00:39]} g4 {[%emt 0:00:38]} 43. Ne7 {[%emt 0:04:53]} Bb5 {[%emt 0:01:11]} 44. Ng6+ {[%emt 0:02:19]} Kd4 {[%emt 0:01:12]} 45. Kh2 {[%emt 0:00:32]} Bd7 {[%emt 0:01:35]} 46. Kg1 {[%emt 0:01:03]} Kc3 {[%emt 0:01:13]} 47. Kh2 {[%emt 0:02:18]} Kxb4 {[%emt 0:00:13]} 48. Nf4 {[%emt 0:01:25]} Kc4 {[%emt 0:00:33]} 49. Ng6 {[%emt 0:00:31]} Kd4 {[%emt 0:00:24]} 50. Nf4 {[%emt 0:00:47]} Bf5 {[%emt 0:01:40]} 51. Nh5 {[%emt 0:00:47]} Ke3 {[%emt 0:02:00]} 52. Nf4 {[%emt 0:00:23]} 1/2-1/2